Профессиональный английский язык: геология и нефтегазовое дело: электронный курс

Бібліографічні деталі
Автор: Матвеенко И. А. Ирина Алексеевна
Співавтор: Национальный исследовательский Томский политехнический университет Школа базовой инженерной подготовки Отделение иностранных языков
Інші автори: Стрельникова А. Б. Анна Борисовна
Резюме:Заглавие с экрана
Основной целью курса является ознакомить слушателей программы с основной английской терминологией технологических процессов в нефтегазовой отрасли.Курс предназначен для слушателей программы "Переводчик в сфере профессиональной коммуникации". Рассчитан на 90 часов аудиторных занятий и 68 часов самостоятельной работы. Курс проходят на втором курсе, во втором семестре.
Доступ по логину и паролю
Мова:Російська
Опубліковано: Томск, TPU Moodle, 2020
Предмети:
Онлайн доступ:https://design.lms.tpu.ru/course/view.php?id=3847
Формат: MixedMaterials Електронний ресурс Книга
KOHA link:https://koha.lib.tpu.ru/cgi-bin/koha/opac-detail.pl?biblionumber=665962

MARC

LEADER 00000nlm0a2200000 4500
001 665962
005 20240206095200.0
035 |a (RuTPU)RU\TPU\network\37166 
035 |a RU\TPU\network\37165 
090 |a 665962 
100 |a 20211125d2020 m y0rusy50 ca 
101 0 |a rus 
102 |a RU 
105 |a a j 000zy 
135 |a jrcn ---uucaa 
181 0 |a i  
182 0 |a b 
200 1 |a Профессиональный английский язык: геология и нефтегазовое дело  |e электронный курс  |f И. А. Матвеенко, А. Б. Стрельникова  |g Национальный исследовательский Томский политехнический университет, Школа базовой инженерной подготовки, Отделение иностранных языков 
203 |a Текст  |c электронный 
210 |a Томск  |c TPU Moodle  |d 2020 
300 |a Заглавие с экрана 
330 |a Основной целью курса является ознакомить слушателей программы с основной английской терминологией технологических процессов в нефтегазовой отрасли.Курс предназначен для слушателей программы "Переводчик в сфере профессиональной коммуникации". Рассчитан на 90 часов аудиторных занятий и 68 часов самостоятельной работы. Курс проходят на втором курсе, во втором семестре. 
333 |a Доступ по логину и паролю 
606 1 |a Английский язык  |x Учебные руководства и пособия  |x Учебные руководства и пособия для высшей школы  |2 stltpush  |3 (RuTPU)RU\TPU\subj\29071  |9 52483 
610 1 |a электронный ресурс 
610 1 |a труды учёных ТПУ 
610 1 |a электронное обучение 
610 1 |a электронные курсы ТПУ 
610 1 |a электронные учебные пособия 
610 1 |a учебные пособия 
610 1 |a дистанционное образование 
610 1 |a дистанционное обучение 
610 1 |a профессиональный английский язык 
610 1 |a нефтегазовое дело 
686 |a Ш143.21-923  |2 rubbk 
700 1 |a Матвеенко  |b И. А.  |c лингвист  |c профессор Томского политехнического университета, доктор филологических наук  |f 1967-  |g Ирина Алексеевна  |3 (RuTPU)RU\TPU\pers\27693  |9 12767 
701 1 |a Стрельникова  |b А. Б.  |c лингвист  |c доцент Томского политехнического университета, кандидат филологических наук  |f 1981-  |g Анна Борисовна  |3 (RuTPU)RU\TPU\pers\28874  |9 13620 
712 0 2 |a Национальный исследовательский Томский политехнический университет  |b Школа базовой инженерной подготовки  |b Отделение иностранных языков  |3 (RuTPU)RU\TPU\col\23510 
801 2 |a RU  |b 63413507  |c 20220606  |g RCR 
856 4 |u https://design.lms.tpu.ru/course/view.php?id=3847 
942 |c CF